Thermodynamics of the activated state of materials; Journal of Applied Mechanics and Technical Physics; Vol. 50, iss. 1

Bibliografiska uppgifter
Parent link:Journal of Applied Mechanics and Technical Physics: Scientific Journal
Vol. 50, iss. 1.— 2009.— [P. 118-126]
Huvudupphovsman: Knyazeva A. G. Anna Georgievna
Övriga upphovsmän: Psakhie S. G. Sergey Grigorievich
Sammanfattning:Title screen
The thermodynamics of irreversible processes is extended to deformable materials whose state and behavior under nonequilibrium conditions are determined by the value and evolution of the additional parameter — the activation parameter. General thermodynamic relations are presented. The concept of the time of existence of a nonequilibrium state is introduced, and the phase coexistence conditions are generalized taking into account the properties of the interface. Methods are described to generalize the relations for irreversible flows, thermodynamic forces, and the equations of state.
Режим доступа: по договору с организацией-держателем ресурса
Språk:engelska
Publicerad: 2009
Ämnen:
Länkar:http://link.springer.com/article/10.1007/s10808-009-0017-y
Materialtyp: Elektronisk Bokavsnitt
KOHA link:https://koha.lib.tpu.ru/cgi-bin/koha/opac-detail.pl?biblionumber=637988

MARC

LEADER 00000naa0a2200000 4500
001 637988
005 20250124132254.0
035 |a (RuTPU)RU\TPU\network\2189 
090 |a 637988 
100 |a 20141118d2009 k||y0rusy50 ba 
101 0 |a eng 
102 |a US 
135 |a drcn ---uucaa 
181 0 |a i  
182 0 |a b 
200 1 |a Thermodynamics of the activated state of materials  |f A. G. Knyazeva, S. G. Psakhie 
203 |a Text  |c electronic 
300 |a Title screen 
320 |a [References: p. 126 (17 tit.)] 
330 |a The thermodynamics of irreversible processes is extended to deformable materials whose state and behavior under nonequilibrium conditions are determined by the value and evolution of the additional parameter — the activation parameter. General thermodynamic relations are presented. The concept of the time of existence of a nonequilibrium state is introduced, and the phase coexistence conditions are generalized taking into account the properties of the interface. Methods are described to generalize the relations for irreversible flows, thermodynamic forces, and the equations of state. 
333 |a Режим доступа: по договору с организацией-держателем ресурса 
461 |t Journal of Applied Mechanics and Technical Physics  |o Scientific Journal 
463 |t Vol. 50, iss. 1  |v [P. 118-126]  |d 2009 
610 1 |a электронный ресурс 
610 1 |a труды учёных ТПУ 
610 1 |a необратимые процессы 
610 1 |a irreversible processes 
610 1 |a термодинамика 
610 1 |a thermodynamics 
700 1 |a Knyazeva  |b A. G.  |c Russian physicist  |c Professor of Tomsk Polytechnic University, doctor of physico-mathematical Sciences  |f 1962-  |g Anna Georgievna  |3 (RuTPU)RU\TPU\pers\32712  |9 16597 
701 1 |a Psakhie  |b S. G.  |c physicist  |c head of laboratory, Advisor to the rector, head of Department, Tomsk Polytechnic University, doctor of physico-mathematical Sciences  |f 1952-  |g Sergey Grigorievich  |3 (RuTPU)RU\TPU\pers\33038 
801 2 |a RU  |b 63413507  |c 20141118  |g RCR 
856 4 |u http://link.springer.com/article/10.1007/s10808-009-0017-y 
942 |c CF